Directory of Bombay-Thane industrial estates (Record no. 40289)

MARC details
000 -LEADER
fixed length control field 00295nam a2200109Ia 4500
082 ## - DEWEY DECIMAL CLASSIFICATION NUMBER
Classification number 338.45(058)(547.1MAH)
Item number DIR
245 #0 - TITLE STATEMENT
Title Directory of Bombay-Thane industrial estates
250 ## - EDITION STATEMENT
Edition statement Ed.2
260 ## - PUBLICATION, DISTRIBUTION, ETC. (IMPRINT)
Place of publication Bombay
Name of publisher Media Agency
Year of publication 1990
942 ## - ADDED ENTRY ELEMENTS (KOHA)
Koha item type Books
Holdings
Withdrawn status Lost status Damaged status Not for loan Home library Current library Date acquired Cost, normal purchase price Full call number Accession Number Koha item type
        RRII Library RRII Library 16/12/2021 250.00 338.45(058)(547.1MAH) DIR 20593 Books